00729nam a22002177a 4500003000900000008004100009020001800050040007100068082002200139100004500161245005700206260003000263300002600293505006000319650002600379650002600405650001100431650002300442650002900465650001700494AR-CdUCM190220b ||||| |||| 00| 0 spa d a9786120035351 aMUNICIPALIDAD PROVINCIAL DEL CUSCOcBIBLIOTECA MUNICIPAL DEL CUSCO a865.51 / Y12bY12 aYábar Villasante, Ernesto Hermenegildo aPoemas del Antisuyu /cErnesto H. Yábar Villasante aCusco :bEcoPrint,c2018. a106 paginas ;c20 cm. aContenido: Poemas de amor y esperanza a Paucartambo ... aLiteratura cusqueña aLiteratos cusqueños aPoemas aPoetas cusqueños aProvincia de Paucartambo aCusco Perú